000 00723nam a22002057a 4500
005 20240530110919.0
008 220221s2005 ua a g b 000 0 ara d
040 _aEG-CaGPL
_cEG-CaGPL
082 0 4 _221
_a340.03\
_bل ل
100 0 _aلين صلاح مطر
245 1 0 _aلغة المحاكم :
_bقاموس قانونى واقتصادى ثلاثى موسع /
_cلين صلاح مطر ؛ تقديم صلاح مطر
250 _aط.1
260 _aبيروت :
_bمنشورات الحلبى الحقوقية،
_c2005
300 _a1631 ص؛
_c24 سم
650 0 7 _aالقانون
_2qrmak
650 0 7 _2qrmak
_aالمحاكم
651 _2qrmak
942 _2ddc
_cBK
999 _c66442
_d66442